Моделирование колебательных процессов в распределенной и сосредоточенной системах (Запись № 13046847)

Подробности
000 -МАРКЕР
контрольное поле 03960nam0a2200421 4500
001 - ИДЕНТИФИКАТОР ЗАПИСИ
контрольное поле RU\NLR\BIBL_A\012755874
005 - ИДЕНТИФИКАТОР ВЕРСИИ
контрольное поле 20220603161241.0
010 ## - МЕЖДУНАРОДНЫЙ СТАНДАРТНЫЙ НОМЕР КНИГИ (ISBN)
Номер (ISBN) 978-5-98755-271-1
Тираж 500
021 ## - НОМЕР ГОСУДАРСТВЕННОЙ РЕГИСТРАЦИИ
Код страны Российская Федерация
Номер КН-П-21-091872
Номер Листа государственной регистраци КН-П-21-7326
035 ## - ДРУГИЕ СИСТЕМНЫЕ НОМЕРА
Идентификатор записи (NLR Aleph) 012755874
035 ## - ДРУГИЕ СИСТЕМНЫЕ НОМЕРА
Идентификатор записи (RuMoRGB)010935337
100 ## - ДАННЫЕ ОБЩЕЙ ОБРАБОТКИ
Данные общей обработки 20220408d2021 k y0rusy50 ca
101 0# - ЯЗЫК РЕСУРСА
Язык текста, звукозаписи и т.д. русский
102 ## - СТРАНА ПУБЛИКАЦИИ ИЛИ ПРОИЗВОДСТВА
Страна публикации Российская Федерация
105 ## - ПОЛЕ КОДИРОВАННЫХ ДАННЫХ: ТЕКСТОВЫЕ МАТЕРИАЛЫ, МОНОГРАФИЧЕСКИЕ
Кодированные данные о монографическом текстовом документе a|||z|||000zy
181 #0 - ПОЛЕ КОДИРОВАННЫХ ДАННЫХ: ВИД СОДЕРЖАНИЯ
Код вида содержания (ISBD) i
Код характеристики содержания (ISBD) axxe
182 #0 - ПОЛЕ КОДИРОВАННЫХ ДАННЫХ: ТИП СРЕДСТВА
Код типа средства (ISBD) n - непосредственное
200 1# - ЗАГЛАВИЕ И СВЕДЕНИЯ ОБ ОТВЕТСТВЕННОСТИ
Основное заглавие Моделирование колебательных процессов в распределенной и сосредоточенной системах
Сведения, относящиеся к заглавию монография
Первые сведения об ответственности Н.С. Шулаев, Г.Ф. Ефимова
Последующие сведения об ответственности Министерство науки и высшего образования Российской Федерации, Федеральное государственное бюджетное образовательное учреждение высшего образования "Уфимский государственный нефтяной технический университет"
203 ## - ВИД СОДЕРЖАНИЯ И ТИП СРЕДСТВА
Вид содержания Текст
Дополнительные сведения об издании визуальный
Тип средства непосредственный
210 ## - ПУБЛИКАЦИЯ, РАСПРОСТРАНЕНИЕ И ДР.
Место издания, распространения и т.д. Уфа
Имя издателя, распространителя и т. д. Фобос
-- Изд-во УГНТУ
Дата издания, распространения и т.д. 2021
215 ## - ФИЗИЧЕСКАЯ ХАРАКТЕРИСТИКА
Специфическое обозначение материала и объем 174 с.
Другие сведения о физической характеристике ил., табл.
Размеры 21
320 ## - ПРИМЕЧАНИЯ О НАЛИЧИИ В ДОКУМЕНТЕ БИБЛИОГРАФИИ / УКАЗАТЕЛЯ
Текст примечания Библиогр.: с. 173 (11 назв.)
330 ## - РЕЗЮМЕ ИЛИ РЕФЕРАТ
Текст примечания Монография содержит достаточно подробный теоретический материал колебательных и волновых процессов и моделирования колебательных процессов в задачах гидродинамики и теплофизики. Также рассмотрены распространение электромагнитных полей в пространстве, колебания в сплошных системах (длинных линиях), в дискретных системах со многими степенями свободы (искусственных длинных линиях) и в одиночном колебательном контуре. Рассмотрены конкретные модели колебательных процессов при нефтедобыче, проведен их анализ, методы решения поставленных задач и получены результаты, удовлетворительно согласующиеся с экспериментальными данными. Монография адресована инженерно-техническим работникам, аспирантам, магистрантам, студентам технических вузов инженерных направлений подготовки, всем, кто интересуется разработкой математических моделей колебательных и волновых процессов
606 1# - НАИМЕНОВАНИЕ ТЕМЫ КАК ПРЕДМЕТ
Наименование темы Волновые процессы
Тематический подзаголовок Математическое моделирование
Системный номер авторитетной/нормативной записи 1312045
Идентификатор авторитетной/нормативной записи RU\NLR\AUTH\66227810
606 1# - НАИМЕНОВАНИЕ ТЕМЫ КАК ПРЕДМЕТ
Наименование темы Колебания
Тематический подзаголовок Математическое моделирование
Системный номер авторитетной/нормативной записи 2069134
Идентификатор авторитетной/нормативной записи RU\NLR\AUTH\661243819
606 1# - НАИМЕНОВАНИЕ ТЕМЫ КАК ПРЕДМЕТ
Наименование темы Электромагнитные колебания
Системный номер авторитетной/нормативной записи 2105761
Идентификатор авторитетной/нормативной записи RU\NLR\AUTH\661273062
606 1# - НАИМЕНОВАНИЕ ТЕМЫ КАК ПРЕДМЕТ
Наименование темы Нефть
Тематический подзаголовок Добыча
-- Гидродинамическое моделирование
Системный номер авторитетной/нормативной записи 2593767
Идентификатор авторитетной/нормативной записи RU\NLR\AUTH\661532654
675 ## - УНИВЕРСАЛЬНАЯ ДЕСЯТИЧНАЯ КЛАССИФИКАЦИЯ (UDC/УДК)
Индекс 534:51
Издание 4
686 1# - ИНДЕКСЫ ДРУГИХ КЛАССИФИКАЦИЙ
Индекс В236.35с116
686 1# - ИНДЕКСЫ ДРУГИХ КЛАССИФИКАЦИЙ
Индекс В336
686 1# - ИНДЕКСЫ ДРУГИХ КЛАССИФИКАЦИЙ
Индекс И361-1с314
700 #1 - ИМЯ ЛИЦА - ПЕРВИЧНАЯ ОТВЕТСТВЕННОСТЬ
Начальный элемент ввода Шулаев
Часть имени, кроме начального элемента ввода Н. С.
Расширение инициалов личного имени Николай Сергеевич
701 #1 - ИМЯ ЛИЦА - АЛЬТЕРНАТИВНАЯ ОТВЕТСТВЕННОСТЬ
Графика поля Кириллица
Материалы, к которым относится поле rus
Начальный элемент ввода Ефимова
Часть имени, кроме начального элемента ввода Г. Ф.
Дополнения к именам, кроме дат канд. физ.-мат. наук
Расширение инициалов личного имени Галина Федоровна
Системный номер авторитетной/нормативной записи 170969
Идентификатор авторитетной/нормативной записи RU\NLR\AUTH\770171019
942 ## - ДОПОЛНИТЕЛЬНЫЕ ЭЛЕМЕНТЫ ЗАПИСИ (АБИС)
Тип экземпляра АБИС Книга
980 ## - КОЛЛЕКЦИЯ
Название коллекции Национальная библиография
Экземпляры
Тип экземпляра Дата поступления Источник поступления Библиотека постоянного хранения Библиотека текущего хранения Место хранения Шифр хранения Штрих-код Статус экземпляра
Книга 08.04.2022 Обязательный экземпляр РНБ (Московский) РНБ (Московский) Русский книжный фонд: издания с 1957 года 2022-3/9173 1-3757641  
Книга 08.04.2022 Обязательный экземпляр РНБ (Московский) РНБ (Московский) Русский книжный фонд: издания с 1957 года 2022-3/9173 1-3757637